[Event "AUTO-OPEN-1813"]
[Site "http://www.queenalice.com/game.php?id=703842"]
[Date "2009.12.26"]
[Round "1"]
[White "tonycorreia"]
[Black "BIGBEN"]
[Result "0-1"]
[WhiteElo "1725"]
[BlackElo "1815"]

1. e4 c5 2. c3 Nc6 3. a4 g6 4. Bc4 Bg7 5. Ba2 e6 6. d3 Nge7 7. Na3 a6 8. Nh3 d5
9. exd5 Nxd5 10. Bxd5 Qxd5 11. Nf4 Qd6 12. Nc4 Qc7 13. O-O O-O 14. Re1 Ne5 15.
Nxe5 Bxe5 16. g3 Rd8 17. Re4 b6 18. Be3 Bb7 19. Rc4 Bxf4 20. Rxf4 Qc6 21. f3 Qd5
22. d4 cxd4 23. cxd4 e5 24. Re4 exd4 25. Bxd4 Rac8 26. Qe2 Qc6 27. Qe3 Qc2 28.
Re8+ Rxe8 29. Qh6 f6 30. Bxf6 Qc5+ 31. Kf1 Qf8 32. Qf4 Re6 33. Be5 Qxf4 34. Bxf4
Bxf3 35. Kf2 Bb7 36. Rd1 Rc2+ 37. Bd2 Rxb2 38. Kf1 b5 39. axb5 Rxb5 40. Bh6 Rf5+
41. Kg1 Re8 42. g4 Rf3 43. g5 Kf7 44. h4 a5 45. Rd7+ Re7 46. Rd8 Re1+ 47. Kh2
Rf2+ 48. Kg3 Rg2+ 49. Kf4 Re4+ 50. Kf3 Rd4+ 0-1

[Event "AUTO-OPEN-1813"]
[Site "http://www.queenalice.com/game.php?id=703843"]
[Date "2009.12.26"]
[Round "1"]
[White "BIGBEN"]
[Black "tonycorreia"]
[Result "1-0"]
[WhiteElo "1808"]
[BlackElo "1635"]

1. f4 e6 2. e4 d5 3. e5 g6 4. Nf3 Bh6 5. d4 Ne7 6. c4 c6 7. Nc3 Nf5 8. cxd5 exd5
9. Be2 O-O 10. O-O f6 11. b3 fxe5 12. Nxe5 Qh4 13. Rf3 Nd6 14. Rh3 Bxh3 15. gxh3
Qxh3 16. Qd3 Qh4 17. Qg3 Nf5 18. Qxh4 Nxh4 19. Nd3 Nd7 20. Ne5 Nxe5 21. fxe5
Bxc1 22. Rxc1 Rad8 23. Rf1 Rxf1+ 24. Kxf1 Rf8+ 25. Kg1 Nf5 26. Bg4 Ne3 27. Be6+
Kg7 28. h3 Rf1+ 29. Kh2 Kf8 30. Bc8 Rc1 31. Na4 b6 32. Kg3 Nf5+ 33. Bxf5 gxf5
34. Kf4 Rf1+ 35. Kg5 Kf7 36. Nb2 Ke6 37. Nd3 Rf3 38. Nf4+ Ke7 39. Kxf5 Rf2 40.
Kg5 Rxa2 41. h4 Rb2 42. Kh6 Rf2 43. Nd3 Rf3 44. Nb4 Rh3 45. Kxh7 Rxh4+ 46. Kg6
Ke6 47. Nxc6 Rg4+ 48. Kh5 Rg8 49. Nxa7 Kf5 50. Kh6 Rg3 51. b4 Ke6 52. Nb5 Kd7
53. Nd6 Kc6 54. b5+ Kd7 55. Nf5 Rg1 56. Ne3 Ke6 57. Kh5 Rg3 58. Nc2 Kf5 59. Kh4
Rg2 60. Ne3+ Ke4 61. Nxg2 Kf5 62. Ne3+ Ke6 63. Kg5 Kd7 64. Nxd5 Ke6 65. Nxb6 Ke7
66. d5 Kd8 67. d6 1-0

[Event "AUTO-ADV-1672"]
[Site "http://www.queenalice.com/game.php?id=739084"]
[Date "2010.2.28"]
[Round "1"]
[White "luiz_gustavo"]
[Black "BIGBEN"]
[Result "1-0"]
[WhiteElo "1712"]
[BlackElo "1822"]

1. e4 c5 2. Nf3 Nc6 3. Nc3 g6 4. Bc4 Bg7 5. O-O e6 6. a3 Nge7 7. d3 O-O 8. Bf4
a6 9. Re1 b5 10. Ba2 d6 11. Ne2 Bb7 12. c3 a5 13. d4 cxd4 14. cxd4 b4 15. a4 Rc8
16. Rc1 Qd7 17. Bg5 h6 18. Bxe7 Nxe7 19. Rxc8 Rxc8 20. Nf4 Rb8 21. e5 Bxf3 22.
Qxf3 dxe5 23. dxe5 Qxa4 24. Bc4 Rc8 25. Bb3 Qc6 26. Qxc6 Rxc6 27. Nd3 Rc7 28. f4
Rd7 29. Re3 Nf5 30. Rh3 Nd4 31. Ba4 Rc7 32. Kf2 h5 33. Ke3 Nf5+ 34. Kd2 Bh6 35.
Rf3 Rc8 36. h3 Rd8 37. g4 hxg4 38. hxg4 Nd4 39. Rh3 Kg7 40. g5 Bxg5 41. fxg5 Nf5
42. Kc2 Rd4 43. Nf2 Rf4 44. Rh2 Nd4+ 45. Kd3 Nf3 46. Ke3 Rf5 47. Rg2 Nxe5 48.
Kd4 f6 49. gxf6+ Kxf6 50. Ne4+ Ke7 51. Bc2 Nf3+ 52. Ke3 Ne1 53. Rh2 Nxc2+ 54.
Rxc2 Kd7 55. Nc5+ Kd6 56. Ne4+ Ke7 57. Rc7+ Kd8 58. Rg7 g5 59. Nxg5 e5 60. Ne6+
Kc8 61. Rg5 Rxg5 62. Nxg5 Kd7 63. Ke4 Kd6 64. Nf7+ Ke6 65. Nxe5 Kd6 66. Nc4+ Kc5
67. Nxa5 Kb5 68. Nb3 Ka4 69. Nc1 Kb5 70. Kd4 Kb6 71. Kc4 Ka5 72. b3 Ka6 73. Kxb4
Kb6 74. Nd3 Ka6 75. Nc5+ Kb6 76. Nd3 Ka6 77. Ka4 Kb6 78. b4 Ka6 79. b5+ Kb6 80.
Nb4 Kb7 81. Ka5 Ka8 82. Ka6 Kb8 83. b6 Ka8 84. b7+ Kb8 85. Nc6+ Kc7 86. b8=Q+
Kxc6 87. Qb5+ Kd6 88. Qf5 Ke7 89. Qg6 1-0

[Event "AUTO-ADV-1672"]
[Site "http://www.queenalice.com/game.php?id=739085"]
[Date "2010.2.28"]
[Round "1"]
[White "BIGBEN"]
[Black "luiz_gustavo"]
[Result "0-1"]
[WhiteElo "1849"]
[BlackElo "1786"]

1. e4 e5 2. Nf3 Nc6 3. Bb5 a6 4. Ba4 b5 5. Bb3 h6 6. d4 exd4 7. Nxd4 Bb7 8. O-O
Nf6 9. Re1 Ne5 10. Bf4 Ng6 11. Bg3 Bc5 12. Nf5 O-O 13. Nc3 Bb4 14. Qd4 c5 15.
Qd6 Bxc3 16. bxc3 c4 17. Rad1 cxb3 18. cxb3 Re8 19. e5 Ne4 20. Qd4 Nxg3 21. hxg3
Qc7 22. Qxd7 Qxd7 23. Rxd7 Bc8 24. Rxf7 Bxf5 25. Rxf5 Rac8 26. Re3 Ne7 27. Rff3
Nd5 28. Re2 Nxc3 29. Rc2 b4 30. a3 a5 31. axb4 axb4 32. Rf4 Rxe5 33. Rxb4 Ne2+
34. Rxe2 Rxe2 35. Rf4 Rb8 36. b4 Rb2 37. Kh2 R8xb4 38. Rxb4 Rxb4 39. f3 g5 40.
Kh3 h5 41. g4 hxg4+ 42. fxg4 Kf7 43. g3 Kf6 44. Kg2 Rxg4 45. Kh3 Kf5 46. Kg2 Ra4
0-1

[Event "AUTO-ADV-1672"]
[Site "http://www.queenalice.com/game.php?id=739102"]
[Date "2010.2.28"]
[Round "1"]
[White "BIGBEN"]
[Black "animis"]
[Result "1/2-1/2"]
[WhiteElo "1802"]
[BlackElo "1954"]

1. e4 e5 2. Nf3 Nc6 3. Bb5 a6 4. Ba4 Nf6 5. O-O Nxe4 6. Bxc6 bxc6 7. Re1 Nf6 8.
Nxe5 Be7 9. d4 O-O 10. Nc3 Bb7 11. Bg5 Re8 12. Na4 d6 13. Nf3 h6 14. Bh4 Qd7 15.
c4 Nh7 16. Bxe7 Rxe7 17. h3 Rae8 18. Qd2 Nf6 19. Rxe7 Rxe7 20. b3 Qe8 21. Re1
Rxe1+ 22. Nxe1 Bc8 23. Qe3 Qe4 24. Nc3 Qe6 25. Nc2 Kf8 26. Nb4 Qxe3 27. fxe3 Bb7
28. Kf2 Ke7 29. Nd3 g5 30. g3 Nd7 31. e4 Nf6 32. Kf3 h5 33. e5 Nd7 34. exd6+
cxd6 35. Ne4 f6 36. h4 d5 37. cxd5 cxd5 38. Nec5 Bc8 39. hxg5 fxg5 40. Nb4 Nxc5
41. dxc5 Ke6 42. Nd3 Kf5 43. a4 Kf6 44. b4 Bd7 45. Nb2 Ke5 46. Ke3 Bc6 47. Nd3+
Kf5 48. a5 Bb7 49. Nf2 Ke6 50. Kd4 Bc6 51. Nd3 h4 52. gxh4 gxh4 53. Nf4+ Kf5 54.
Nxd5 h3 55. Ne7+ Ke6 56. Nxc6 h2 57. Nb8 h1=Q 58. Nxa6 Qd5+ 59. Kc3 Qe5+ 60. Kb3
Kd7 61. b5 Qd5+ 62. Kb4 Qd2+ 63. Ka4 Kc8 64. c6 Qd4+ 65. Kb3 Qe4 66. Nb4 Qe6+
67. Ka4 Kb8 68. b6 Ka8 69. Kb5 Qe5+ 70. Ka4 Qc5 71. c7 Kb7 72. Na2 Qc4+ 73. Nb4
Qc5 74. Na2 Qc6+ 75. Kb4 Ka6 76. Nc3 Kb7 77. Na4 Qe4+ 78. Kb5 Qb1+ 79. Kc4 Qe4+
80. Kb5 Qc6+ 81. Kb4 Qd6+ 82. Nc5+ Kc8 83. Kb5 Qd2 84. Kc6 Qg2+ 85. Kd6 Qg3+ 86.
Kc6 Qf3+ 87. Kd6 Qf4+ 88. Kc6 Qf3+ 89. Kb5 Qe2+ 90. Kc6 Qf3+ 91. Kb5 Qe2+ 92.
Kc6 Qf3+ 93. Kd6 Qf4+ 94. Kd5 Qf3+ 95. Kd6 Qf4+ 1/2-1/2

[Event "AUTO-ADV-1672"]
[Site "http://www.queenalice.com/game.php?id=739103"]
[Date "2010.2.28"]
[Round "1"]
[White "animis"]
[Black "BIGBEN"]
[Result "1-0"]
[WhiteElo "2039"]
[BlackElo "1830"]

1. d4 d5 2. c4 c6 3. e3 g6 4. Nf3 Bg7 5. Nc3 Nf6 6. Bd3 O-O 7. O-O Bg4 8. h3 Be6
9. b3 Na6 10. a3 Nc7 11. Ng5 b6 12. Qc2 dxc4 13. bxc4 a6 14. Bb2 Rb8 15. Ne2 b5
16. Nxe6 Nxe6 17. Rac1 a5 18. Rfd1 b4 19. axb4 axb4 20. Qb3 c5 21. f3 cxd4 22.
Nxd4 Nc5 23. Qc2 b3 24. Qb1 Nxd3 25. Rxd3 Qc8 26. Rxb3 Rxb3 27. Nxb3 Qe6 28. Bd4
Nh5 29. Nc5 Qd6 30. Ne4 Qc7 31. Bb6 Qc6 32. Bd4 Bxd4 33. exd4 Nf4 34. Qc2 Rc8
35. c5 Qa6 36. Re1 Rd8 37. Qb2 Nd3 38. Qa1 Qc4 39. Rd1 f5 40. Ng5 h6 41. Ne6
Qxe6 42. Rxd3 Qe2 43. Qd1 Qa2 44. c6 Qa7 45. Kf1 Qb6 46. d5 Rd6 47. Qc2 Qb5 48.
c7 Rxd5 49. c8=Q+ Kf7 50. Q8c4 1-0

[Event "AUTO-ADV-1672"]
[Site "http://www.queenalice.com/game.php?id=739104"]
[Date "2010.2.28"]
[Round "1"]
[White "BIGBEN"]
[Black "juim"]
[Result "1-0"]
[WhiteElo "1827"]
[BlackElo "1715"]

1. e4 e5 2. Nf3 d6 3. d4 exd4 4. Nxd4 Nc6 5. Bb5 Bd7 6. O-O Nf6 7. Nxc6 Bxc6 8.
Bxc6+ bxc6 9. Nc3 Be7 10. Qf3 d5 11. exd5 cxd5 12. Bg5 c6 13. Rfe1 O-O 14. a3
Rb8 15. b3 h6 16. Bh4 d4 17. Ne4 Nd7 18. Bxe7 Qb6 19. Bxf8 Kxf8 20. Nd6 f6 21.
Qh5 Ne5 22. Rxe5 Qd8 23. Qf7# 1-0

[Event "AUTO-ADV-1672"]
[Site "http://www.queenalice.com/game.php?id=739105"]
[Date "2010.2.28"]
[Round "1"]
[White "juim"]
[Black "BIGBEN"]
[Result "0-1"]
[WhiteElo "1678"]
[BlackElo "1839"]

1. e4 e5 2. d3 d5 3. exd5 Qxd5 4. Qe2 Nc6 5. c3 Nf6 6. Bg5 Be7 7. Nf3 Bg4 8. h3
Bxf3 9. Qxf3 Qxf3 10. gxf3 Nd5 11. Bxe7 Ncxe7 12. Na3 Nf4 13. O-O-O O-O-O 14.
Nb5 a6 15. Na3 Nf5 16. Nc4 f6 17. Ne3 Nh4 18. d4 Nxf3 19. dxe5 Nxe5 20. Nf5
Rxd1+ 21. Kxd1 g6 22. Ne7+ Kd7 23. Nd5 Nxd5 24. Bg2 Nf4 25. Bxb7 Rb8 26. Bxa6
Rxb2 27. Rh2 Rxa2 28. Kc1 Nfd3+ 29. Bxd3 Nxd3+ 30. Kb1 Rxf2 31. Rh1 Rb2+ 32. Ka1
Rb3 33. Rf1 f5 34. Ka2 Rxc3 35. Rd1 c5 36. h4 c4 37. Rb1 Rc2+ 38. Ka1 Rc1 39.
Rxc1 Nxc1 40. Kb2 Ne2 41. Kc2 Kd6 42. Kd2 Nd4 43. Kc3 Kc5 0-1

[Event "AUTO-ADV-2162"]
[Site "http://www.queenalice.com/game.php?id=939249"]
[Date "2011.5.17"]
[Round "1"]
[White "Artking"]
[Black "BIGBEN"]
[Result "1-0"]
[WhiteElo "1956"]
[BlackElo "1806"]

1. e4 e5 2. Nf3 Nc6 3. Bb5 d6 4. c3 Bd7 5. d3 a6 6. Ba4 Be7 7. Nbd2 Nf6 8. O-O
O-O 9. h3 b5 10. Bb3 Na5 11. Bc2 c5 12. a4 b4 13. cxb4 cxb4 14. b3 Nc6 15. a5
Nxa5 16. Re1 Nc6 17. Nc4 Be6 18. Ne3 Qb6 19. Nh4 Nd4 20. Nhf5 Bxf5 21. Nxf5 Nxf5
22. exf5 Nd5 23. Re4 a5 24. d4 Nc3 25. Qh5 Nxe4 26. Bxe4 Qxd4 27. f6 Qxe4 28.
fxe7 Rfe8 29. Be3 Rxe7 30. Qe2 f5 31. f3 Qd5 32. Bg5 1-0

[Event "AUTO-ADV-2162"]
[Site "http://www.queenalice.com/game.php?id=939250"]
[Date "2011.5.17"]
[Round "1"]
[White "BIGBEN"]
[Black "Artking"]
[Result "0-1"]
[WhiteElo "1817"]
[BlackElo "1945"]

1. e4 c5 2. Nf3 Nc6 3. Bb5 Qc7 4. O-O Nf6 5. c3 d6 6. d4 cxd4 7. cxd4 g6 8. d5
a6 9. Ba4 b5 10. dxc6 bxa4 11. Qxa4 Bg7 12. Nc3 O-O 13. Nd5 Nxd5 14. exd5 e5 15.
Be3 f5 16. Rab1 f4 17. Bd2 a5 18. b4 Ba6 19. b5 Bc8 20. b6 Qe7 21. b7 Ra7 22.
bxc8=Q Rxc8 23. Rfe1 g5 24. Nd4 Qf6 25. Rb7 Rxb7 26. cxb7 Rb8 27. Ne6 Rxb7 28.
Qe8+ Bf8 29. a3 Rb2 30. Nxf8 Qxf8 31. Qxf8+ Kxf8 0-1

[Event "AUTO-ADV-2162"]
[Site "http://www.queenalice.com/game.php?id=939265"]
[Date "2011.5.17"]
[Round "1"]
[White "favazza2007"]
[Black "BIGBEN"]
[Result "1-0"]
[WhiteElo "1906"]
[BlackElo "1760"]

1. b4 d5 2. Bb2 a6 3. Nf3 Nc6 4. a3 Nf6 5. Bxf6 exf6 6. e3 Bg4 7. Be2 Bd6 8. Nd4
Bxe2 9. Qxe2 Ne5 10. d3 O-O 11. Nd2 Qd7 12. c4 dxc4 13. dxc4 c5 14. bxc5 Bxc5
15. N2b3 Ba7 16. Rd1 Qa4 17. O-O Qxa3 18. Ra1 Qb4 19. Rfb1 Qxc4 20. Qxc4 Nxc4
21. Na5 Nxa5 22. Rxa5 Bxd4 23. exd4 b5 24. f3 Rfd8 25. Rd1 Kf8 26. Kf2 Rd6 27.
Ra2 Ke7 28. Re2+ Kd7 29. d5 Re8 30. Rxe8 Kxe8 31. Ke3 Kd7 32. Kd4 Kc7 33. Rc1+
Kb7 34. Kc5 Rd8 35. d6 Rd7 36. Kd5 h5 37. Re1 Kc8 38. Rc1+ Kb7 39. Rc6 b4 40.
Kc5 1-0

[Event "AUTO-ADV-2162"]
[Site "http://www.queenalice.com/game.php?id=939266"]
[Date "2011.5.17"]
[Round "1"]
[White "BIGBEN"]
[Black "favazza2007"]
[Result "0-1"]
[WhiteElo "1771"]
[BlackElo "1895"]

1. e4 e5 2. Nf3 Nc6 3. Bb5 d6 4. d4 Bd7 5. d5 Nce7 6. Bxd7+ Qxd7 7. O-O f5 8.
Nc3 f4 9. b3 h6 10. Qd3 g5 11. Qb5 Qxb5 12. Nxb5 Kd7 13. c4 a6 14. Nc3 Nf6 15.
h3 Ng6 16. a4 Be7 17. Bd2 h5 18. Nxg5 Nh7 19. Nxh7 Rxh7 20. f3 Rg8 21. Rf2 Bh4
22. Re2 Bg3 23. b4 Rhg7 24. b5 a5 25. Ra2 b6 26. Nd1 Bh4 27. Kf1 Bf6 28. Bc3 Nh4
29. Be1 Ng6 30. Rec2 Nf8 31. Nf2 Kc8 32. Nd3 Nd7 33. Bc3 Kb7 34. Re2 Bh4 35.
Rac2 Be7 36. Ra2 Bf6 37. Rac2 Nf8 0-1

[Event "AUTO-ADV-2162"]
[Site "http://www.queenalice.com/game.php?id=939277"]
[Date "2011.5.17"]
[Round "1"]
[White "BIGBEN"]
[Black "jiujitsubr"]
[Result "0-1"]
[WhiteElo "1796"]
[BlackElo "1876"]

1. e4 c5 2. Nf3 d6 3. Bc4 Nf6 4. O-O g6 5. e5 Ng4 6. exd6 exd6 7. d4 Bg7 8. dxc5
Ne5 9. cxd6 Bg4 10. Re1 O-O 11. Bd5 Qxd6 12. c3 Nxf3+ 13. Bxf3 Qxd1 14. Bxd1
Bxd1 15. Rxd1 Nc6 16. Be3 Rfe8 17. Na3 Rad8 18. Kf1 Ne5 19. Bd4 b6 20. Nb5 Rd7
21. Bxe5 Rxd1+ 22. Rxd1 Rxe5 23. Nxa7 Ra5 24. Nc8 Rxa2 25. Nxb6 Rxb2 26. Rd8+
Bf8 27. Nd7 Kg7 28. Nxf8 Rc2 29. Rc8 h5 30. Nd7 Ra2 31. Rc7 Rc2 32. Ne5 Kf6 33.
Nxf7 Rc1+ 34. Ke2 h4 35. Nd6 Ke6 36. Ne4 Kd5 37. Ng5 Rc2+ 38. Ke3 Kd6 39. Rc4
Kd5 40. Rd4+ Kc5 41. Ne4+ Kb5 0-1

[Event "AUTO-ADV-2162"]
[Site "http://www.queenalice.com/game.php?id=939278"]
[Date "2011.5.17"]
[Round "1"]
[White "jiujitsubr"]
[Black "BIGBEN"]
[Result "1-0"]
[WhiteElo "1889"]
[BlackElo "1783"]

1. d4 d5 2. c4 dxc4 3. Nc3 Nf6 4. e3 e6 5. Bxc4 Nc6 6. Nge2 a6 7. O-O Be7 8. f3
O-O 9. e4 b5 10. Bb3 Rb8 11. Bf4 Nh5 12. Be3 Nf6 13. e5 Nd5 14. Nxd5 exd5 15.
Nf4 Be6 16. Qd3 f5 17. Nxe6 Qd7 18. Nxf8 Rxf8 19. Rac1 Na5 20. Bc2 Nc4 21. Bf2
Nxb2 22. Qc3 Nc4 23. Bb3 c6 24. Bxc4 dxc4 25. a4 Qd5 26. axb5 cxb5 27. Qa5 Qe6
28. Ra1 Ra8 29. f4 b4 30. d5 Qc8 31. d6 Bd8 32. Qxb4 Rb8 33. Qa4 Bb6 34. Bxb6
Rxb6 35. Rfc1 Qc5+ 36. Kh1 Rb8 37. Qxc4+ Qxc4 38. Rxc4 Kf7 39. Rc7+ Kg6 40. d7
Rd8 41. e6 Kf6 42. Rxa6 Ke7 43. Rc8 1-0

[Event "AUTO-ADV-3089"]
[Site "http://www.queenalice.com/game.php?id=1260836"]
[Date "2014.2.28"]
[Round "1"]
[White "matamuff"]
[Black "BIGBEN"]
[Result "1-0"]
[WhiteElo "1776"]
[BlackElo "1734"]

1. g3 d5 2. d3 e5 3. e3 Nc6 4. Bg2 Be6 5. a3 Bd6 6. Nd2 Nge7 7. Ne2 O-O 8. O-O
f5 9. f4 Ng6 10. c4 e4 11. dxe4 dxe4 12. b3 a6 13. Bb2 Qe7 14. b4 b6 15. Rc1 Na7
16. Kh1 c5 17. bxc5 Bxc5 18. Rc3 Rfd8 19. Qc1 Qd6 20. Nb3 Rac8 21. Nxc5 Rxc5 22.
Nd4 Rdc8 23. Nxe6 Qxe6 24. Rd1 Rxc4 25. Rxc4 Qxc4 26. Qa1 Qf7 27. Bf1 b5 28. Kg2
Qb3 29. Bxg7 Rc2+ 30. Kh3 Rc8 31. Rd7 Nc6 32. Qf6 1-0

[Event "AUTO-ADV-3089"]
[Site "http://www.queenalice.com/game.php?id=1260837"]
[Date "2014.2.28"]
[Round "1"]
[White "BIGBEN"]
[Black "matamuff"]
[Result "0-1"]
[WhiteElo "1750"]
[BlackElo "1760"]

1. e4 c5 2. Nf3 g6 3. d4 Bg7 4. c3 b6 5. Bc4 e6 6. O-O Ne7 7. Bg5 h6 8. Be3 d6
9. dxc5 bxc5 10. e5 d5 11. Bb5+ Bd7 12. Bxd7+ Nxd7 13. Qa4 O-O 14. Bf4 g5 15.
Bg3 Ng6 16. Qc6 Rc8 17. Qa6 Ndxe5 18. Nxe5 Bxe5 19. Bxe5 Nxe5 20. Qxa7 Nd3 21.
b4 cxb4 22. Qd4 Nf4 23. Qxb4 Rc4 24. Qb3 Qd6 25. a4 Qe5 26. a5 Nxg2 27. Kxg2
Rg4+ 28. Kh1 Rh4 29. f4 Qe2 0-1

[Event "AUTO-ADV-3089"]
[Site "http://www.queenalice.com/game.php?id=1260852"]
[Date "2014.2.28"]
[Round "1"]
[White "Viterasmo"]
[Black "BIGBEN"]
[Result "0-1"]
[WhiteElo "1720"]
[BlackElo "1737"]

1. e4 e5 2. Bc4 Nf6 3. Nf3 Nc6 4. Ng5 d5 5. exd5 Nd4 6. c3 Nf5 7. Qe2 Nxd5 8.
Qxe5+ Nfe7 9. O-O f6 10. Qg3 fxg5 11. Qxg5 Qd6 12. Re1 Be6 13. d4 O-O-O 14. Bxd5
Qxd5 15. Qe3 Bd7 16. Qg5 h6 17. Qxd5 Nxd5 18. Nd2 Bd6 19. Nc4 Bc6 20. Nxd6+ Rxd6
21. a3 Re8 22. Rxe8+ Bxe8 23. c4 Nf6 24. f3 Rxd4 25. Be3 Rxc4 26. Rd1 Rc2 27.
Bd4 c5 28. Bc3 Ba4 29. Rd3 Re2 30. Rd6 Ne8 31. Rg6 Re7 32. Rg4 Bc6 33. Kf2 g5
34. Kg3 Kd7 35. b4 cxb4 36. Bxb4 Re6 37. Rd4+ Kc7 38. Rd2 b6 39. Kg4 Bd7 40. Kh5
Nf6+ 0-1

[Event "AUTO-ADV-3089"]
[Site "http://www.queenalice.com/game.php?id=1260853"]
[Date "2014.2.28"]
[Round "1"]
[White "BIGBEN"]
[Black "Viterasmo"]
[Result "1-0"]
[WhiteElo "1720"]
[BlackElo "1737"]

1. e4 e5 2. Nf3 Nc6 3. Bb5 d6 4. d4 exd4 5. Nxd4 Bd7 6. Nxc6 Bxc6 7. Bxc6+ bxc6
8. O-O g6 9. Qd4 Nf6 10. Bg5 Bg7 11. e5 dxe5 12. Qxe5+ Qe7 13. Qxe7+ Kxe7 14.
Re1+ Kd6 15. Nc3 Nd5 16. Na4 Rhe8 17. c4 Rxe1+ 18. Rxe1 Nb6 19. c5+ Kd5 20. cxb6
axb6 21. Rd1+ Kc4 22. b3+ Kb4 23. Be7+ Kb5 24. g3 c5 25. Bg5 h6 26. Bc1 Bd4 27.
Kg2 Re8 28. Kf3 Kb4 29. Bb2 Bxb2 30. Nxb2 Ka3 31. Nc4+ Kxa2 32. Rd7 Kxb3 33.
Nd2+ Kc2 34. Nf1 b5 35. Rxc7 c4 36. Rb7 Re5 37. Ne3+ Kc3 38. Rxf7 Kb2 39. Rb7 c3
40. Nc4+ Kb3 41. Nxe5 1-0

[Event "AUTO-ADV-3089"]
[Site "http://www.queenalice.com/game.php?id=1260864"]
[Date "2014.2.28"]
[Round "1"]
[White "BIGBEN"]
[Black "agilulfo"]
[Result "1-0"]
[WhiteElo "1752"]
[BlackElo "1807"]

1. e4 c5 2. Nf3 d6 3. Bc4 Nf6 4. d3 g6 5. e5 dxe5 6. Nxe5 e6 7. Bg5 a6 8. Qf3
Bg7 9. Nd2 b5 10. Qxa8 Nbd7 11. Nxd7 Qxd7 12. Bb3 O-O 13. Qf3 Bb7 14. Qh3 Nd5
15. c3 a5 16. Bc2 b4 17. c4 Nb6 18. O-O Bxb2 19. Ne4 Bxe4 20. dxe4 Bxa1 21. Rxa1
Nxc4 22. Bf6 Qd2 23. Bb3 Qf4 24. Qh4 Qxh4 25. Bxh4 Nd2 26. f3 Nxb3 27. axb3 Kg7
28. Rxa5 Rc8 29. Be7 c4 30. bxc4 Rxc4 31. Rb5 f5 32. exf5 gxf5 33. Rxb4 Rxb4 34.
Bxb4 Kg6 35. Bd6 Kg5 36. Kf2 f4 37. g4 fxg3+ 38. hxg3 h5 39. Kg2 Kf5 40. Kh3 e5
41. Kh4 e4 42. fxe4+ Kxe4 43. Kxh5 Kf5 44. Kh6 Kg4 45. Kg6 Kf3 46. Kf5 Ke3 47.
g4 Kf3 48. g5 1-0

[Event "AUTO-ADV-3089"]
[Site "http://www.queenalice.com/game.php?id=1260865"]
[Date "2014.2.28"]
[Round "1"]
[White "agilulfo"]
[Black "BIGBEN"]
[Result "0-1"]
[WhiteElo "1868"]
[BlackElo "1770"]

1. d4 d5 2. c4 c6 3. Nc3 Nf6 4. Nf3 dxc4 5. e4 Be6 6. Nd2 b5 7. g3 g6 8. e5 Nd5
9. Bg2 Bg7 10. O-O O-O 11. a4 Nxc3 12. bxc3 Bd5 13. axb5 Bxg2 14. Kxg2 cxb5 15.
Ba3 Qd5+ 16. Qf3 Qxf3+ 17. Nxf3 Re8 18. Bc5 a6 19. Rfd1 Nd7 20. Bb4 Nb6 21. Ng5
Nd5 22. Ba5 h6 23. Ne4 f5 24. Nc5 e6 25. Bb4 Nc7 26. Ra5 Bf8 27. Nd7 Bxb4 28.
cxb4 Nd5 29. Rb1 Re7 30. Nc5 Nc7 31. Rba1 Nd5 32. Nxa6 Rxa6 33. Rxa6 Nxb4 34.
Rb6 Nc2 35. Ra8+ Kg7 36. Rxb5 Nxd4 37. Rb4 Nc6 38. Rxc4 Nxe5 39. Rcc8 Rb7 40.
Rg8+ Kf6 41. Raf8+ Rf7 42. Rxf7+ Kxf7 43. Ra8 h5 44. f4 Ng4 45. Kh3 Kf6 46. Kg2
Ne3+ 47. Kf3 Nd5 48. h3 Nc7 49. Rc8 Nd5 50. g4 hxg4+ 51. hxg4 fxg4+ 52. Kxg4 Ne7
53. Ra8 Nf5 54. Kf3 Nd6 55. Ke3 Nf7 56. Ra5 g5 57. fxg5+ Nxg5 58. Kf4 Nf7 59.
Ke4 Ng5+ 60. Kd4 e5+ 61. Ke3 Kf5 62. Rb5 Ne6 63. Kd3 Ng5 64. Kc4 Ne6 65. Kd5
Nc7+ 0-1

[Event "AUTO-ADV-3089"]
[Site "http://www.queenalice.com/game.php?id=1304435"]
[Date "2014.8.27"]
[Round "2"]
[White "BIGBEN"]
[Black "jairo366"]
[Result "0-1"]
[WhiteElo "1809"]
[BlackElo "2172"]

1. e4 e6 2. d4 d5 3. exd5 exd5 4. Nc3 c6 5. Nf3 Bd6 6. Be2 Nf6 7. Bg5 O-O 8. O-O
Bg4 9. Ne5 Bxe2 10. Qxe2 Re8 11. Rad1 Nbd7 12. f4 Qb6 13. Qd3 Bxe5 14. fxe5 Nxe5
15. Qg3 Ne4 16. Nxe4 dxe4 17. Be3 Ng6 18. b3 Qa5 19. a4 Qc3 20. Qf2 f5 21. Qd2
Qxd2 22. Rxd2 Ne7 23. c4 Rad8 24. g3 Kf7 25. Bg5 g6 26. g4 Ke6 27. gxf5+ gxf5
28. Kf2 a5 29. Ke3 Rd7 30. Rdf2 Rf8 31. Bxe7 Rxe7 32. Rf4 Rf6 33. h4 Rg7 34. d5+
cxd5 35. cxd5+ Ke5 36. Kd2 Rd7 37. Kc3 Rxd5 38. Kc2 Rc5+ 39. Kd2 Rd6+ 40. Ke1
Rc1+ 41. Ke2 Rc2+ 42. Ke1 Rdd2 43. Rxf5+ Kd4 44. R1f2 Rxf2 45. Rxf2 Rxf2 46.
Kxf2 Kd3 47. Ke1 e3 48. h5 h6 0-1

[Event "AUTO-ADV-3089"]
[Site "http://www.queenalice.com/game.php?id=1304436"]
[Date "2014.8.27"]
[Round "2"]
[White "jairo366"]
[Black "BIGBEN"]
[Result "1-0"]
[WhiteElo "2067"]
[BlackElo "1812"]

1. c4 c5 2. Nf3 Nc6 3. d4 cxd4 4. Nxd4 g6 5. e4 Bg7 6. Be3 e6 7. Nc3 Nge7 8.
Ndb5 O-O 9. Nd6 b6 10. Qd2 Ba6 11. Rd1 Qc7 12. Ncb5 Bxb5 13. cxb5 Ne5 14. Be2
Rad8 15. f4 N5c6 16. bxc6 dxc6 17. e5 Nd5 18. O-O c5 19. Bc4 Nxe3 20. Qxe3 Ra8
21. Rd2 a6 22. a4 h5 23. Rfd1 Qc6 24. Qb3 Bh6 25. Nxf7 Kxf7 26. Bxe6+ Kg7 27.
Rd7+ Kh8 28. g3 c4 29. Qxc4 Qxc4 30. Bxc4 Rac8 31. Bxa6 Rc2 32. Bd3 1-0

[Event "AUTO-ADV-3089"]
[Site "http://www.queenalice.com/game.php?id=1304437"]
[Date "2014.8.27"]
[Round "2"]
[White "BIGBEN"]
[Black "tewald"]
[Result "1-0"]
[WhiteElo "1792"]
[BlackElo "1902"]

1. e4 c6 2. Nf3 d5 3. exd5 cxd5 4. Bb5+ Bd7 5. a4 a6 6. Bxd7+ Nxd7 7. O-O e6 8.
Re1 Ngf6 9. d3 Bd6 10. Nc3 Qc7 11. Bg5 Ng4 12. h3 Nge5 13. d4 Nxf3+ 14. Qxf3 h6
15. Bd2 g5 16. Qxd5 O-O-O 17. Qf3 f5 18. Rxe6 Nb6 19. Qxf5 Rhf8 20. Rf6+ Nd7 21.
Rxf8 Rxf8 22. Qg4 Kd8 23. Re1 Bh2+ 24. Kf1 Qc4+ 25. Qe2 Qxe2+ 26. Nxe2 Bc7 27.
c4 Nf6 28. Nc3 Kd7 29. Ne4 Nh5 30. Nc5+ Kc8 31. Ne6 Rf7 32. Nxc7 Kxc7 33. Re6 b6
34. Rxh6 Ng3+ 35. Ke1 Nf5 36. Rg6 Nxd4 37. Rxg5 Nc2+ 38. Kd1 Nd4 39. Be3 Ne6 40.
Rg6 Re7 41. b3 Rd7+ 42. Kc2 1-0

[Event "AUTO-ADV-3089"]
[Site "http://www.queenalice.com/game.php?id=1304438"]
[Date "2014.8.27"]
[Round "2"]
[White "tewald"]
[Black "BIGBEN"]
[Result "1/2-1/2"]
[WhiteElo "1890"]
[BlackElo "1806"]

1. e4 e5 2. Nf3 Nc6 3. d4 exd4 4. Nxd4 Qf6 5. Be3 Bb4+ 6. c3 Ba5 7. Na3 Nge7 8.
Nc4 Bb6 9. Nxb6 axb6 10. Bd3 d5 11. exd5 Nxd5 12. Nxc6 bxc6 13. Qd2 Nxe3 14.
Qxe3+ Qe6 15. Qxe6+ Bxe6 16. f4 O-O-O 17. Bc2 g6 18. O-O Rd2 19. Rac1 Bd5 20.
Rf2 Rxf2 21. Kxf2 f5 22. g3 c5 23. b3 b5 24. c4 bxc4 25. bxc4 Bf7 26. a4 Kb7 27.
h3 Kc6 28. Bd3 Rb8 29. Re1 Kd6 30. a5 Rb2+ 31. Re2 Rb4 32. Ra2 Kc6 33. a6 Rb8
34. Be2 Kb6 35. a7 Ra8 36. Bf3 c6 37. g4 Rxa7 38. Rb2+ Kc7 39. gxf5 Bxc4 40. Rc2
Ra2 41. Rxa2 Bxa2 42. fxg6 hxg6 43. Ke3 Kd6 44. Be4 Bf7 45. Kd3 c4+ 46. Kc3 Kc5
47. h4 Kd6 48. f5 gxf5 49. Bxf5 Kc5 50. Bg4 Kd6 51. h5 Ke7 52. h6 Kf6 53. h7 Kg7
54. Bf5 c5 1/2-1/2